Historia de la Compañía de Jesús en la provincia del Paraguay
Uloženo v:
| Hlavní autor: | |
|---|---|
| Další autoři: | |
| Médium: | Kniha |
| Jazyk: | španělština |
| Vydáno: |
Madrid
Instituto Santo Toribio de Mogroviejo
1946
|
| Edice: | Biblioteca Missionalia Hispanica, 5
|
| Témata: | |
| Tagy: |
Přidat tag
Žádné tagy, Buďte první, kdo vytvoří štítek k tomuto záznamu!
|
MARC
| LEADER | 00000nam a2200000 a 4500 | ||
|---|---|---|---|
| 001 | UCP4908 | ||
| 003 | CL-VaPUC | ||
| 008 | 990821e19460000SP |||||||||||||||||spa|d | ||
| 082 | 0 | 4 | |a 271.53 |b PAS |2 21 |
| 100 | |a Pastells, Pablo |e autor |9 345708 | ||
| 700 | |a Mateos, Francisco |e autor |9 321923 | ||
| 245 | 1 | 0 | |a Historia de la Compañía de Jesús en la provincia del Paraguay |
| 300 | |a v | ||
| 942 | |c BK | ||
| 945 | |d 19990821 00:00:00 |a crobeson | ||
| 260 | |a Madrid |b Instituto Santo Toribio de Mogroviejo |c 1946 | ||
| 500 | |a v.6: 1715-1731 | ||
| 500 | |a v.7: 1731-1751 | ||
| 500 | |a v.8 p.1: 1751-1760 | ||
| 500 | |a v.8 p.2: 1760-1768 | ||
| 600 | 0 | 7 | |a GUARANIES |2 CL-VaPUC |9 432918 |
| 650 | 0 | |a Jesuitas |9 268366 | |
| 650 | 7 | |a MISIONES JESUITICAS |2 CL-VaPUC |9 324485 | |
| 650 | 0 | |a Órdenes religiosas |9 257499 | |
| 650 | 7 | |a HISTORIA ECLESIASTICA |2 CL-VaPUC |9 432919 | |
| 651 | 0 | |a Argentina |9 254888 | |
| 651 | 0 | |a Paraguay |9 255336 | |
| 651 | 0 | |a Uruguay |9 255194 | |
| 651 | 0 | |a Perú |9 256567 | |
| 651 | 0 | |a Bolivia |9 255454 | |
| 651 | 0 | |a Brasil |9 267393 | |
| 583 | |a last modification |c 19990821 00:00:00 |k Rodrigo Vera | ||
| 490 | 0 | |a Biblioteca Missionalia Hispanica, 5 | |
| 999 | |c 282798 |d 282796 | ||
| 952 | |0 0 |1 0 |4 0 |6 271_530000000000000_PAS_1946 |7 0 |8 X |9 325207 |a BIBHIS |b BIBHIS |d 2019-11-20 |h v.6 |i 1356097 |o 271.53 PAS 1946 |p 1356097 |r 2024-01-30 |w 2019-11-20 |y BK_X |k HIS | ||
| 952 | |0 0 |1 0 |4 0 |6 271_530000000000000_PAS_1946 |7 0 |8 X |9 325208 |a BIBHIS |b BIBHIS |d 2019-11-20 |h v.7 |i 1356100 |o 271.53 PAS 1946 |p 1356100 |r 2024-01-30 |w 2019-11-20 |y BK_X |k HIS | ||
| 952 | |0 0 |1 0 |4 0 |6 271_530000000000000_PAS_1946 |7 0 |8 X |9 325209 |a BIBHIS |b BIBHIS |d 2019-11-20 |h v.7 |i 1356119 |o 271.53 PAS 1946 |p 1356119 |r 2024-01-30 |w 2019-11-20 |y BK_X |k HIS | ||
| 952 | |0 0 |1 0 |4 0 |6 271_530000000000000_PAS_1946 |7 0 |8 X |9 325210 |a BIBHIS |b BIBHIS |d 2019-11-20 |h v.8 p.1 |i 1356127 |o 271.53 PAS 1946 |p 1356127 |r 2024-01-30 |w 2019-11-20 |y BK_X |k HIS | ||
| 952 | |0 0 |1 0 |4 0 |6 271_530000000000000_PAS_1946 |7 0 |8 X |9 325211 |a BIBHIS |b BIBHIS |d 2019-11-20 |h v.8 p.1 |i 1356135 |o 271.53 PAS 1946 |p 1356135 |r 2024-01-30 |w 2019-11-20 |y BK_X |k HIS | ||
| 952 | |0 0 |1 0 |4 0 |6 271_530000000000000_PAS_1946 |7 0 |8 X |9 325212 |a BIBHIS |b BIBHIS |d 2019-11-20 |h v.8 p.2 |i 1356143 |o 271.53 PAS 1946 |p 1356143 |r 2024-01-30 |w 2019-11-20 |y BK_X |k HIS | ||
| 952 | |0 0 |1 0 |4 0 |6 271_530000000000000_PAS_1946 |7 0 |8 X |9 325213 |a BIBHIS |b BIBHIS |d 2019-11-20 |h v.8 p.2 |i 1356151 |o 271.53 PAS 1946 |p 1356151 |r 2024-01-30 |w 2019-11-20 |y BK_X |k HIS | ||